Normale Ansicht MARC-Ansicht ISBD

Paleografičeskij i lingvističeskij analiz novgorodskich berestjanych gramot / (Titelsatznr. 4763)

[ MARC ]
MARC-Details
000 -Satzkennung
Kontrollfeld mit fester Länge 00427nam a22001451c 4500
001 - Kontrollnummer
Kontrollfeld 082911061
008 - Feld mit fester Länge zur physischen Beschreibung - Allgemeine Angaben
Kontrollfeld mit fester Länge 051024s rus d
041 ## - Sprachcode
Sprachcode des Textes/der Tonspur oder des separaten Titels rus
040 ## - Katalogisierungsquelle
Übertragungsstelle RU-10907106
003 - Kontrollnummer Identifier
Kontrollfeld RU-10907106
245 00 - Titel
Titel Paleografičeskij i lingvističeskij analiz novgorodskich berestjanych gramot /
Verfasserangabe etc. Akademija Nauk SSSR, Institut Jazykoznanija
264 ## - Produktion, Veröffentlichung, Distribution, Herstellung und Urheberrechtsvermerk
Herstellungs-, Veröffentlichungs- Vertriebs-, Erzeugungsort Moskva :
Produzent, Herausgeber, Distributor, Hersteller Izdat. Akad. Nauk SSSR,
Datum der Herstellung, der Veröffentlichung, des Vertriebs oder des Urheberschutzvermerks [2005]
300 ## - Physische Beschreibung
Umfang 212 S. + Ill
942 ## - Zusätzliche Felder (Koha)
Koha-Medientyp Monographien
Exemplare
Ausgeschieden Verloren Klassifikation oder Aufstellungssystematik Beschädigt Nicht entleihbar Heimatbibliothek Aufenthaltsbibliothek Aufstellungsort Erwerbungsdatum Inventarnummer Signatur Barcode Letzte Aktivität Preis gültig von Koha-Medientyp
    Andere/Generische Klassifikation     MWN Osteuropa MWN Osteuropa Lesesaal - 1 24/10/2005 05-07772 G 30 a 206 E004015073CA65B2 23/02/2021 22/03/2021 Monographien